| 000 | 00649nam a22002177a 4500 | ||
|---|---|---|---|
| 999 |
_c2964 _d2964 |
||
| 003 | AR-CdUCM | ||
| 008 | 190305b ||||| |||| 00| 0 spa d | ||
| 040 |
_aMUNICIPALIDAD PROVINCIAL DEL CUSCO _cBIBLIOTECA MUNICIPAL DEL CUSCO |
||
| 082 |
_a869.508 / _bL86 |
||
| 100 |
_aLopez Albújar, Enrique _96 |
||
| 245 | _aEl Hechizo de Tomayquichua / | ||
| 260 |
_aLima : _bPopulibros Peruanos, _c1963. |
||
| 300 |
_a205 paginas : _c17cm. |
||
| 440 |
_aPopulibros Peruanos _n4 _910147 |
||
| 650 |
_aNovelas peruanas _9545 |
||
| 650 |
_aSiglo XX _98 |
||
| 650 |
_aLatinoamericana _95799 |
||
| 650 |
_aLiteratura _983 |
||
| 942 |
_2ddc _cLIBROS |
||
| 945 | _apjha | ||